| 000 | 00825nam a2200253 a 4500 | ||
|---|---|---|---|
| 001 | 000023426 | ||
| 005 | 20200930022218.0 | ||
| 008 | 101207s1997 mx r 000 f spa d | ||
| 020 | _a9682949025 | ||
| 040 |
_aDO-SdBNP _bspa _cBNPHU |
||
| 082 |
_a891.744 _bP642r |
||
| 100 | 1 |
_aPilniak, Boris, _d1894-1937? _948270 |
|
| 240 | 1 | 0 |
_aRaskazi. _lEspañol. |
| 245 | 1 | 0 |
_aRelatos / _cBoris Pilniak ; selección, traducción e introducción Sergio Pitol. |
| 260 |
_aMéxico : _bConsejo Nacional para la Cultura y las Artes, _c1997. |
||
| 300 |
_a122, [2] p. ; _c22 cm. |
||
| 490 | 1 |
_aClásicos para hoy _v11 |
|
| 534 |
_aTítulo original: _tRaskazi. |
||
| 650 | 4 |
_aCuentos rusos _942846 |
|
| 650 | 4 |
_aLiteratura rusa _94743 |
|
| 700 | 1 |
_aPitol, Sergio _etr. _948271 |
|
| 830 | 0 |
_aClásicos para hoy ; _v11 _928953 |
|
| 049 | _aBNGR | ||
| 999 |
_c22923 _d22923 |
||